00743nam a2200325Ia 4500008003600000041000800036082001300044100002300057245011700080260002900197440000600226650001000232650001100242650001100253650001000264650000700274650000800281650001200289650000900301650000800310650000900318650000700327650001000334650001000344650001500354650001100369650001600380650001000396650001100406210210b xxu||||| |||| 00| 0 eng d aeng a821/1013 aMIDDLETON (Thomas) aDrama Vol.1: Trick to Catch the old one, Changeling, Chaste Maid in Cheapside, Womwn Beware Women, Spanish Gipsy aLondonbT Fisher Unwinc aI aWomwn aWomen, aVol.1: aTrick ato athe aSpanish aone, aold aMaid ain aGipsy aDrama aCheapside, aChaste aChangeling, aCatch aBeware